000
00333nam a2200133 4500
999
_c
11814
_d
11814
003
OSt
005
20230802144546.0
008
230802b ||||| |||| 00| 0 eng d
100
_a
L R Vagale
245
_a
Seventh five years plan-1985-90 vol-1
260
_a
Government of india planning commission
300
_a
77p;
942
_2
ddc